Statistics for Africa Size Ranks

Click here to take the quiz!

General Stats

  • This quiz has been taken 28 times
  • The average score is 36 of 54

Answer Stats

HintAnswer% Correct
South Africa25
86%
Algeria10
71%
Malawi100
71%
Eritrea101
71%
Benin102
71%
Liberia104
71%
DRC11
71%
Sierra Leone120
71%
Lesotho141
71%
Djibouti150
71%
Eswatini158
71%
Sudan16
71%
Gambia166
71%
Libya17
71%
Mauritius178
71%
São Tomé and Príncipe184
71%
Chad21
71%
Niger22
71%
Angola23
71%
Mali24
71%
Ethiopia27
71%
Mauritania29
71%
Tanzania31
71%
Nigeria32
71%
Namibia35
71%
Mozambique36
71%
Zambia39
71%
Kenya48
71%
Cameroon54
71%
Burkina Faso75
71%
Western Sahara78
71%
Guinea79
71%
Uganda81
71%
Ghana82
71%
Tunisia93
71%
Togo126
57%
Guinea-Bissau138
57%
Eq. Guinea145
57%
Burundi146
57%
Rwanda148
57%
Cape Verde174
57%
Seychelles198
57%
Egypt30
57%
Somalia42
57%
Central African Rep.43
57%
Botswana47
57%
Morocco58
57%
Zimbabwe61
57%
Rep. of the Congo65
57%
Ivory Coast70
57%
Gabon77
57%
South Sudan44
43%
Madagascar46
43%
Senegal88
43%

Score Distribution

Percentile by Number Answered

Percent of People with Each Score

Your Score History

You have not taken this quiz